Consultation on core standards for a voluntary accreditation scheme for property managers and land maintenance companies in Scotland (Record no. 111161)

MARC details
000 -LEADER
fixed length control field 01064cad a22002295a 4500
001 - CONTROL NUMBER
control field E151110
008 - FIXED-LENGTH DATA ELEMENTS--GENERAL INFORMATION
fixed length control field 100511s2010 xxk f s000 0 eng d
020 ## - INTERNATIONAL STANDARD BOOK NUMBER
International Standard Book Number 9780755996476
035 ## - SYSTEM CONTROL NUMBER
System control number (Sirsi) u151110
041 0# - LANGUAGE CODE
Language code of text/sound track or separate title eng
100 2# - MAIN ENTRY--PERSONAL NAME
Personal name Scott, John
245 00 - TITLE STATEMENT
Title Consultation on core standards for a voluntary accreditation scheme for property managers and land maintenance companies in Scotland
Remainder of title an analysis of responses
Medium [electronic resource]
260 ## - PUBLICATION, DISTRIBUTION, ETC.
Place of publication, distribution, etc. Edinburgh
Name of publisher, distributor, etc. Scottish Government
Date of publication, distribution, etc. 2010
520 ## - SUMMARY, ETC.
Summary, etc. Sets out responses to a consultation on proposed standards for a voluntary accreditation scheme for property managers. Property managers will have to agree to comply with the core standards in order to join the Scheme.
521 ## - TARGET AUDIENCE NOTE
Target audience note Advanced
590 ## - LOCAL NOTE (RLIN)
Local note KA
651 #4 - SUBJECT ADDED ENTRY--GEOGRAPHIC NAME
Geographic name Scotland
Chronological subdivision 1999-
690 ## - LOCAL SUBJECT ADDED ENTRY--TOPICAL TERM (OCLC, RLIN)
Topical term or geographic name as entry element PROPERTY-RESIDENTIAL PROPERTY-RESIDENTIAL LANDLORD AND TENANT
700 1# - ADDED ENTRY--PERSONAL NAME
Personal name Reid, Steven
856 40 - ELECTRONIC LOCATION AND ACCESS
Uniform Resource Identifier <a href="https://www.scotland.gov.uk/Publications/2010/09/28094742/0">https://www.scotland.gov.uk/Publications/2010/09/28094742/0</a>
Public note View the consultation free of charge at www.scotland.gov.uk
942 ## - ADDED ENTRY ELEMENTS (KOHA)
Suppress in OPAC 0
Holdings
Withdrawn status Lost status Source of classification or shelving scheme Damaged status Not for loan Home library Current library Shelving location Date acquired Total Checkouts Full call number Barcode Date last seen Copy number Price effective from Koha item type
    Dewey Decimal Classification     Virtual Virtual Online 30/09/2010   ONLINE PUBLICATION 151110-2001 06/08/2019 1 06/08/2019 Book